| 000 | 05985cam a22004454i 4500 | ||
|---|---|---|---|
| 999 |
_c566 _d566 |
||
| 003 | OSt | ||
| 005 | 20210615112322.0 | ||
| 008 | 130904s2015 maua 000 0 eng | ||
| 010 | _a 2013035845 | ||
| 020 | _a0536749787 | ||
| 020 | _a9780536749789 | ||
| 024 | 8 | _a11680909 | |
| 035 | _a5541782 | ||
| 035 | _aybp11680909 | ||
| 035 | _aocn857717813 | ||
| 035 | _a(OCoLC)857717813 | ||
| 040 |
_aDLC _beng _erda _cDLC _dBTCTA _dBDX _dYDXCP _dYUS _dOCLCF _dOCLCO _dIG# _dNhCcYME |
||
| 042 | _apcc | ||
| 049 | _aJHEE | ||
| 050 | 0 | 0 |
_aQA303.2 _b.G74 2003 |
| 100 | 1 |
_aGreenwell, Raymond N., _eauthor. |
|
| 245 | 1 | 0 |
_aCalculus for the life sciences / _cRaymond N. Greenwell, Hofstra University, Nathan P. Ritchey, Edinboro University of PA, Margaret L. Lial, American River College. |
| 250 | _aSecond edition. | ||
| 264 | 1 |
_aBoston : _bPearson Addison Wesley, _c[2015] |
|
| 300 |
_axvii, 770 pages : _bcolored illustrations ; _c29 cm. |
||
| 336 |
_atext _2rdacontent |
||
| 337 |
_aunmediated _2rdamedia |
||
| 338 |
_avolume _2rdacarrier |
||
| 504 | _aIncludes bibliographical references. | ||
| 505 | 0 | 0 |
_anote: _gch. R _tAlgebra Reference -- _gR.1. _tPolynomials -- _gR.2. _tFactoring -- _gR.3. _tRational Expressions -- _gR.4. _tEquations -- _gR.5. _tInequalities -- _gR.6. _tExponents -- _gR.7. _tRadicals -- _gch. 1 _tFunctions -- _g1.1. _tLines and Linear Functions -- _g1.2. _tLeast Squares Line -- _g1.3. _tProperties of Functions -- _g1.4. _tQuadratic Functions; Translation and Reflection -- _g1.5. _tPolynomial and Rational Functions -- _gch. 1 _tReview -- _tExtended Application Using Extrapolation to Predict Life Expectancy -- _gch. 2 _tExponential, Logarithmic, and Trigonometric Functions -- _g2.1. _tExponential Functions -- _g2.2. _tLogarithmic Functions -- _g2.3. _tApplications: Growth and Decay -- _g2.4. _tTrigonometric Functions -- _gch. 2 _tReview -- _tExtended Application Power Functions -- _gch. 3 _tDerivative -- _g3.1. _tLimits -- _g3.2. _tContinuity -- _g3.3. _tRates of Change -- _g3.4. _tDefinition of the Derivative -- _g3.5. _tGraphical Differentiation -- _gch. 3 _tReview -- _tExtended Application A Model for Drugs Administered Intravenously -- _gch. 4 _tCalculating the Derivative -- _g4.1. _tTechniques for Finding Derivatives -- _g4.2. _tDerivatives of Products and Quotients -- _g4.3. _tChain Rule -- _g4.4. _tDerivatives of Exponential Functions -- _g4.5. _tDerivatives of Logarithmic Functions -- _g4.6. _tDerivatives of Trigonometric Functions -- _gch. 4 _tReview -- _tExtended Application Managing Renewable Resources -- _gch. 5 _tGraphs and the Derivative -- _g5.1. _tIncreasing and Decreasing Functions -- _g5.2. _tRelative Extrema -- _g5.3. _tHigher Derivatives, Concavity, and the Second Derivative Test -- _g5.4. _tCurve Sketching -- _gch. 5 _tReview -- _tExtended Application A Drug Concentration Model for Orally Administered Medications -- _gch. 6 _tApplications of the Derivative -- _g6.1. _tAbsolute Extrema -- _g6.2. _tApplications of Extrema -- _g6.3. _tImplicit Differentiation -- _g6.4. _tRelated Rates -- _g6.5. _tDifferentials: Linear Approximation -- _gch. 6 _tReview -- _tExtended Application A Total Cost Model for a Training Program -- _gch. 7 _tIntegration -- _g7.1. _tAntiderivatives -- _tSubstitution -- _g7.3. _tArea and the Definite Integral -- _g7.4. _tFundamental Theorem of Calculus -- _g7.5. _tArea Between Two Curves -- _gch. 7 _tReview -- _tExtended Application Estimating Depletion Dates for Minerals -- _gch. 8 _tFurther Techniques and Applications of Integration -- _g8.1. _tNumerical Integration -- _g8.2. _tIntegration by Parts -- _g8.3. _tVolume and Average Value -- _g8.4. _tImproper Integrals -- _gch. 8 _tReview -- _tExtended Application Flow Systems -- _gch. 9 _tMultivariable Calculus -- _g9.1. _tFunctions of Several Variables -- _g9.2. _tPartial Derivatives -- _g9.3. _tMaxima and Minima -- _g9.4. _tTotal Differentials and Approximations -- _g9.5. _tDouble Integrals -- _gch. 9 _tReview -- _tExtended Application Optimization for a Predator -- _gch. 10 _tMatrices -- _g10.1. _tSolution of Linear Systems -- _g10.2. _tAddition and Subtraction of Matrices -- _g10.3. _tMultiplication of Matrices -- _g10.4. _tMatrix Inverses -- _g10.5. _tEigenvalues and Eigenvectors -- _gch. 10 _tReview -- _tExtended Application Contagion -- _gch. 11 _tDifferential Equations -- _g11.1. _tSolutions of Elementary and Separable Differential Equations -- _g11.2. _tLinear First-Order Differential Equations -- _g11.3. _tEuler's Method -- _g11.4. _tLinear Systems of Differential Equations -- _g11.5. _tNonlinear Systems of Differential Equations -- _g11.6. _tApplications of Differential Equations -- _gch. 11 _tReview -- _tExtended Application Pollution of the Great Lakes -- _gch. 12 _tProbability -- _g12.1. _tSets -- _g12.2. _tIntroduction to Probability -- _g12.3. _tConditional Probability; Independent Events; Bayes' Theorem -- _g12.4. _tDiscrete Random Variables; Applications to Decision Making -- _gch. 12 _tReview -- _tExtended Application Medical Diagnosis -- _gch. 13 _tProbability and Calculus -- _g13.1. _tContinuous Probability Models -- _g13.2. _tExpected Value and Variance of Continuous Random Variables -- _g13.3. _tSpecial Probability Density Functions -- _gch. 13 _tReview -- _tExtended Application Exponential Waiting Times -- _gch. 14 _tDiscrete Dynamical Systems -- _g14.1. _tSequences -- _g14.2. _tEquilibrium Points -- _g14.3. _tDetermining Stability -- _gch. 14 _tReview -- _tExtended Application Mathematical Modeling in a Dynamic World -- _tAppendix -- _gA. _tSolutions to Prerequisite Skills Diagnostic Test -- _gB. _tLearning Objectives -- _gC. _tMathPrint Operating System for TI-84 and TI-84 Plus Silver Editions -- _gD. _tTables -- _g1. _tFormulas of Geometry -- _g2. _tArea Under a Normal Curve -- _g3. _tIntegrals -- _g4. _tIntegrals Involving Trigonometric Functions. |
| 650 | 0 |
_aCalculus _vTextbooks. |
|
| 650 | 0 |
_aLife sciences _xMathematics _vTextbooks. |
|
| 655 | 7 |
_aTextbooks. _2fast _0(OCoLC)fst01423863 |
|
| 700 | 1 |
_aRitchey, Nathan P., _eauthor. |
|
| 700 | 1 |
_aLial, Margaret L., _eauthor. |
|
| 910 | _a5541782 | ||
| 942 |
_2lcc _cBK _nIO |
||
| 946 | _aYBP selection record | ||
| 946 | _aWCP record | ||